<?xml version="1.0" encoding="UTF-8"?>
<collection xmlns="http://www.loc.gov/MARC21/slim">
    <record>
        <controlfield tag="001">63217</controlfield>
        <controlfield tag="005">20190709135521.0</controlfield>
        <datafield tag="024" ind1="7" ind2=" ">
            <subfield code="2">doi</subfield>
            <subfield code="a">10.1136/bjsports-2016-097303</subfield>
        </datafield>
        <datafield tag="024" ind1="8" ind2=" ">
            <subfield code="2">sideral</subfield>
            <subfield code="a">101974</subfield>
        </datafield>
        <datafield tag="037" ind1=" " ind2=" ">
            <subfield code="a">ART-2017-101974</subfield>
        </datafield>
        <datafield tag="041" ind1=" " ind2=" ">
            <subfield code="a">eng</subfield>
        </datafield>
        <datafield tag="100" ind1=" " ind2=" ">
            <subfield code="a">Sagarra-Romero, L.</subfield>
        </datafield>
        <datafield tag="245" ind1=" " ind2=" ">
            <subfield code="a">Ithlete Heart Rate Variability app: Knowing when to train</subfield>
        </datafield>
        <datafield tag="260" ind1=" " ind2=" ">
            <subfield code="c">2017</subfield>
        </datafield>
        <datafield tag="506" ind1="0" ind2=" ">
            <subfield code="a">Access copy available to the general public</subfield>
            <subfield code="f">Unrestricted</subfield>
        </datafield>
        <datafield tag="520" ind1="3" ind2=" ">
            <subfield code="a">‘ithlete Heart Rate Variability’ app has been scientifically designed for monitoring the body heart rate and give information about when to train and when to rest. The process of training is stressing and has an impact on health. This app offers a very quick and healthy biofeedback of how stressed, recovered and ready for training your body is. It can also avoid injuries by giving users information related to optimising the effectiveness of their workout sequence. The app allows users to register their heart rate variability (HRV) and the time gap between the heartbeats when the body is resting, in order to offer users a more precise picture of their overall health and fitness status (figure 1). HRV, the beat-to-beat variation in either heart rate or the duration of the R-R interval, has become an increasing important clinical diagnostic tool. For example, Lombardi and Stein1 review the relationship between HRV and heart rate turbulence, while Huikuri and Stein2 evaluate HRV as a tool for risk assessment in patients recovering from myocardial infarction.</subfield>
        </datafield>
        <datafield tag="540" ind1=" " ind2=" ">
            <subfield code="9">info:eu-repo/semantics/openAccess</subfield>
            <subfield code="a">by-nc</subfield>
            <subfield code="u">http://creativecommons.org/licenses/by-nc/3.0/es/</subfield>
        </datafield>
        <datafield tag="590" ind1=" " ind2=" ">
            <subfield code="a">7.867</subfield>
            <subfield code="b">2017</subfield>
        </datafield>
        <datafield tag="591" ind1=" " ind2=" ">
            <subfield code="a">SPORT SCIENCES</subfield>
            <subfield code="b">1 / 81 = 0.012</subfield>
            <subfield code="c">2017</subfield>
            <subfield code="d">Q1</subfield>
            <subfield code="e">T1</subfield>
        </datafield>
        <datafield tag="592" ind1=" " ind2=" ">
            <subfield code="a">3.232</subfield>
            <subfield code="b">2017</subfield>
        </datafield>
        <datafield tag="593" ind1=" " ind2=" ">
            <subfield code="a">Medicine (miscellaneous)</subfield>
            <subfield code="c">2017</subfield>
            <subfield code="d">Q1</subfield>
        </datafield>
        <datafield tag="593" ind1=" " ind2=" ">
            <subfield code="a">Sports Science</subfield>
            <subfield code="c">2017</subfield>
            <subfield code="d">Q1</subfield>
        </datafield>
        <datafield tag="593" ind1=" " ind2=" ">
            <subfield code="a">Physical Therapy, Sports Therapy and Rehabilitation</subfield>
            <subfield code="c">2017</subfield>
            <subfield code="d">Q1</subfield>
        </datafield>
        <datafield tag="593" ind1=" " ind2=" ">
            <subfield code="a">Orthopedics and Sports Medicine</subfield>
            <subfield code="c">2017</subfield>
            <subfield code="d">Q1</subfield>
        </datafield>
        <datafield tag="655" ind1=" " ind2="4">
            <subfield code="a">info:eu-repo/semantics/article</subfield>
            <subfield code="v">info:eu-repo/semantics/publishedVersion</subfield>
        </datafield>
        <datafield tag="700" ind1=" " ind2=" ">
            <subfield code="0">(orcid)0000-0002-8153-1473</subfield>
            <subfield code="a">Ruidiaz Peña, M.</subfield>
            <subfield code="u">Universidad de Zaragoza</subfield>
        </datafield>
        <datafield tag="700" ind1=" " ind2=" ">
            <subfield code="a">Monroy Antón, A.</subfield>
        </datafield>
        <datafield tag="700" ind1=" " ind2=" ">
            <subfield code="a">Calero Morales, S.</subfield>
        </datafield>
        <datafield tag="710" ind1="2" ind2=" ">
            <subfield code="1">1006</subfield>
            <subfield code="2">255</subfield>
            <subfield code="a">Universidad de Zaragoza</subfield>
            <subfield code="b">Dpto. Fisiatría y Enfermería</subfield>
            <subfield code="c">Área Enfermería</subfield>
        </datafield>
        <datafield tag="773" ind1=" " ind2=" ">
            <subfield code="g">51, 18 (2017), 1373-1374</subfield>
            <subfield code="p">Br. j. sports med.</subfield>
            <subfield code="t">BRITISH JOURNAL OF SPORTS MEDICINE</subfield>
            <subfield code="x">0306-3674</subfield>
        </datafield>
        <datafield tag="856" ind1="4" ind2=" ">
            <subfield code="s">419221</subfield>
            <subfield code="u">http://zaguan.unizar.es/record/63217/files/texto_completo.pdf</subfield>
            <subfield code="y">Versión publicada</subfield>
        </datafield>
        <datafield tag="856" ind1="4" ind2=" ">
            <subfield code="s">98490</subfield>
            <subfield code="u">http://zaguan.unizar.es/record/63217/files/texto_completo.jpg?subformat=icon</subfield>
            <subfield code="x">icon</subfield>
            <subfield code="y">Versión publicada</subfield>
        </datafield>
        <datafield tag="909" ind1="C" ind2="O">
            <subfield code="o">oai:zaguan.unizar.es:63217</subfield>
            <subfield code="p">articulos</subfield>
            <subfield code="p">driver</subfield>
        </datafield>
        <datafield tag="951" ind1=" " ind2=" ">
            <subfield code="a">2019-07-09-11:57:11</subfield>
        </datafield>
        <datafield tag="980" ind1=" " ind2=" ">
            <subfield code="a">ARTICLE</subfield>
        </datafield>
    </record>

    
</collection>